000 00963cam a22002774a 4500
001 13740741
003 ARRUPE
005 20151112102235.0
008 041005s2005 mau b 001 0 eng
010 _a 2004023382
020 _a1557254176 (pbk.)
040 _aDLC
_cDLC
_dDLC
042 _apcc
050 0 0 _aBV4501.3
_b.N43 2005
082 0 0 _a248.2/2
_222
245 0 0 _aNearer to the heart of God /
_ccompiled and edited by Bernard Bangley.
260 _aBrewster, Mass. :
_bParaclete Press,
_c2005.
300 _axii, 399 p. ;
_c21 cm.
504 _aIncludes bibliographical references and index.
650 0 _aChristian life.
_920748
650 0 _aDevotional calendars.
_920749
700 1 _aBangley, Bernard,
_d1935-
_920750
906 _a7
_bcbc
_corignew
_d1
_eecip
_f20
_gy-gencatlg
942 _2lcc
_cMONOGRAPH
999 _c123683
_d123683